| 000 | 00843cab a2200265 4500 | ||
|---|---|---|---|
| 001 | ABS55473 | ||
| 008 | 090401t1996 xxu||||| |||| 00| 0 eng d | ||
| 035 | _a(Sirsi) u16758 | ||
| 041 | _aeng | ||
| 100 | _aBramhall, D. | ||
| 245 | _aFire safety in large enclosed spaces | ||
| 260 | _c1996 | ||
| 350 | _a0 | ||
| 490 |
_aFire Engineers' Journal _vJuly 1996, 6-11(6) |
||
| 520 | _aReports on the changes made to fire safety in various stadia and facilities associated with the Manchester bid to stage the 2000 Olympic games. | ||
| 650 | _aMANAGEMENT-HEALTH AND SAFETY-FIRE SAFETY | ||
| 650 | _aMANCHESTER AIRPORT | ||
| 650 | _aMANCHESTER | ||
| 650 | _aMANCHESTER 2000 OLYMPIC BID | ||
| 650 | _aSPORTS STADIA | ||
| 650 | _aVECTOR PROJECT | ||
| 690 | _aBUILT ENVIRONMENT-BUILDING STANDARDS | ||
| 942 | _n0 | ||
| 948 | _c04/03/1997 | ||
| 999 |
_c11080 _d11080 |
||